[Event "Titled Tuesday intern op 23rd Apr Late"]
[Site "Chess.com INT"]
[Date "2024.04.23"]
[Round "7"]
[White "Guz, Ari"]
[Black "Korol, Dimitry"]
[Result "1-0"]
[WhiteElo "2303"]
[BlackElo "2287"]
[PlyCount "89"]
[EventDate "2024.04.23"]
[EventType "swiss (blitz)"]
[EventRounds "11"]
[EventCountry "USA"]
[SourceTitle "CB18_2024"]
[SourceDate "2024.05.01"]
[SourceVersion "1"]
[SourceVersionDate "2024.05.01"]
[SourceQuality "2"]

1. a3 g6 2. h4 h5 3. Nf3 Bg7 4. e4 c5 5. Bc4 Nc6 6. d3 e6 7. Nc3 Nge7 8. Be3 Nd4 9. Ba2 b5 10. 0-0 Rb8 11. Bxd4 cxd4 12. Ne2 Qb6 13. Qd2 0-0 14. e5 Nc6 15. Qf4 Qc5 16. Nexd4 Nxe5 17. b4 Nxf3+ 18. Nxf3 Qb6 19. Rae1 Bb7 20. Ne5 Rbd8 21. Bb3 d6 22. Nxf7 Rxf7 23. Bxe6 Rdf8 24. Bxf7+ Rxf7 25. Re8+ Bf8 26. Qg5 d5 27. d4 Qf6 28. Qg3 Bc6 29. Rc8 Bd7 30. Ra8 Bf5 31. c3 Kg7 32. Re1 Bd6 33. Qg5 Bd3 34. f3 Bf4 35. Qxf6+ Kxf6 36. Kf2 Bc4 37. Rd1 Bb3 38. Rd3 Bc4 39. Rd1 Bb3 40. Rb1 Bc4 41. Rb2 Re7 42. g3 Be3+ 43. Kg2 Bc1 44. Rc2 Bxa3 45. Rf8+ 1-0

[Event "Titled Tuesday intern op 23rd Apr Late"]
[Site "Chess.com INT"]
[Date "2024.04.23"]
[Round "8"]
[White "Winkels, Marcel"]
[Black "Korol, Dimitry"]
[Result "0-1"]
[WhiteElo "1915"]
[BlackElo "2287"]
[PlyCount "62"]
[EventDate "2024.04.23"]
[EventType "swiss (blitz)"]
[EventRounds "11"]
[EventCountry "USA"]
[SourceTitle "CB18_2024"]
[SourceDate "2024.05.01"]
[SourceVersion "1"]
[SourceVersionDate "2024.05.01"]
[SourceQuality "2"]

1. d4 Nf6 2. Nc3 d5 3. Bf4 g6 4. e3 Bg7 5. h4 h5 6. Nf3 0-0 7. Bd3 c5 8. dxc5 Qa5 9. 0-0 Nc6 10. Nd4 Qxc5 11. Nb3 Qb6 12. Qf3 e5 13. Bg5 Bg4 14. Qg3 Be6 15. Rad1 a5 16. a4 Rac8 17. e4 dxe4 18. Bxf6 Bxf6 19. Nxe4 Bg7 20. Nbc5 Nd4 21. Nxe6 Nxe6 22. Qf3 Qxb2 23. Rb1 Qd4 24. Rxb7 Nc5 25. Rb5 Nxe4 26. Bxe4 Rc4 27. Bd3 Rxa4 28. Qb7 e4 29. Rd5 Qb4 30. Be2 Qxb7 31. Re1 Qxd5 0-1

[Event "Titled Tuesday intern op 16th Apr Early"]
[Site "Chess.com INT"]
[Date "2024.04.16"]
[Round "1"]
[White "Korol, Dimitry"]
[Black "Teterev, Vitaly"]
[Result "0-1"]
[WhiteElo "2287"]
[BlackElo "2257"]
[PlyCount "114"]
[EventDate "2024.04.16"]
[EventType "swiss (blitz)"]
[EventRounds "11"]
[EventCountry "USA"]
[SourceTitle "CB17_2024"]
[SourceDate "2024.04.24"]
[SourceVersion "1"]
[SourceVersionDate "2024.04.24"]
[SourceQuality "1"]

1. d4 Nf6 2. c4 g6 3. Nc3 Bg7 4. e4 0-0 5. Nf3 d6 6. Be2 e5 7. dxe5 dxe5 8. Qxd8 Rxd8 9. Bg5 Re8 10. 0-0-0 h6 11. Bh4 Na6 12. Ne1 Nc5 13. f3 c6 14. Nc2 Nh5 15. Bf2 Ne6 16. Rd2 Nhf4 17. Bf1 f5 18. g3 Nh5 19. Be2 Nf6 20. Rhd1 fxe4 21. Nxe4 Nxe4 22. fxe4 Ng5 23. Rd8 Bh3 24. Rxa8 Rxa8 25. Bd3 Bg4 26. Rf1 Rd8 27. Ne1 b6 28. Kc2 Bh3 29. Rg1 Rf8 30. Be3 Ne6 31. Kd2 Nd4 32. b3 h5 33. Be2 Kh7 34. Nc2 Nxe2 35. Kxe2 Bg4+ 36. Kd2 Rd8+ 37. Kc3 Bf3 38. Re1 Bxe4 39. Nb4 c5 40. Na6 Rd3+ 41. Kb2 Bf5 42. Nc7 e4+ 43. Ka3 Bd4 44. Bf4 e3 45. Nd5 Rd2 46. Nxe3 Rxh2 47. Nxf5 gxf5 48. Re7+ Kg6 49. Rxa7 h4 50. gxh4 Rxh4 51. Bc7 f4 52. Bxb6 f3 53. Ra8 f2 54. Rf8 Bf6 55. Bd8 Rf4 56. Bxf6 Rxf6 57. Rxf6+ Kxf6 0-1

[Event "Titled Tuesday intern op 12th Mar Late"]
[Site "Chess.com INT"]
[Date "2024.03.12"]
[Round "1"]
[White "Korol, Dimitry"]
[Black "Bryakin, Mikhail"]
[Result "0-1"]
[WhiteElo "2287"]
[BlackElo "2461"]
[PlyCount "84"]
[EventDate "2024.03.12"]
[EventType "swiss (blitz)"]
[EventRounds "11"]
[EventCountry "USA"]
[SourceTitle "CB12_2024"]
[SourceDate "2023.10.01"]
[SourceVersion "1"]
[SourceVersionDate "2023.10.01"]
[SourceQuality "1"]

1. d4 d6 2. c4 Nf6 3. Nc3 e5 4. e3 g6 5. Nf3 Nc6 6. Be2 Bg7 7. 0-0 0-0 8. b3 e4 9. Nd2 Re8 10. Bb2 h5 11. d5 Nb8 12. Qc2 Qe7 13. Rae1 a6 14. f3 Bf5 15. f4 h4 16. b4 Nbd7 17. Nb3 Nf8 18. Nd4 Bd7 19. c5 dxc5 20. bxc5 Qxc5 21. Nb3 Qe7 22. Rd1 Bg4 23. h3 Bh5 24. Nd4 Rad8 25. Qb3 Rb8 26. Rd2 N8d7 27. Rc1 Nc5 28. Qc4 Bxe2 29. Ncxe2 Nd3 30. Rcc2 Nxb2 31. Rxb2 Red8 32. Nb3 Rxd5 33. Rxd5 Nxd5 34. Qxd5 Bxb2 35. Nc5 c6 36. Qc4 Bg7 37. Nd4 Rd8 38. Ncb3 c5 39. Ne2 b5 40. Qxc5 Qxc5 41. Nxc5 Rd2 42. Kf2 Rxa2 0-1

[Event "Titled Tuesday intern op 27th Feb Late"]
[Site "Chess.com INT"]
[Date "2024.02.27"]
[Round "8"]
[White "Korol, Dimitry"]
[Black "Kleiman, Jake"]
[Result "0-1"]
[WhiteElo "2287"]
[BlackElo "2399"]
[PlyCount "58"]
[EventDate "2024.02.27"]
[EventType "swiss (blitz)"]
[EventRounds "11"]
[EventCountry "USA"]
[SourceTitle "CB10_2024"]
[SourceDate "2024.03.06"]
[SourceVersion "1"]
[SourceVersionDate "2024.03.06"]
[SourceQuality "1"]

1. d4 Nf6 2. c4 e6 3. Nc3 Bb4 4. Qc2 0-0 5. e4 d5 6. cxd5 exd5 7. e5 Ne4 8. Bd3 c5 9. Nge2 cxd4 10. Nxd4 Nd7 11. f4 Ndc5 12. 0-0 Bxc3 13. bxc3 Nxd3 14. Qxd3 Qc7 15. Ba3 Rd8 16. Rac1 Nc5 17. Qe3 b6 18. Nb5 Qe7 19. Nd6 Rxd6 20. f5 f6 21. e6 Ba6 22. Rf4 Nd3 23. Rd4 Nxc1 24. Qxc1 Qc7 25. Qf4 Qxc3 26. Bb4 Qa1+ 27. Kf2 Qf1+ 28. Kg3 Qxf4+ 29. Kxf4 Rc6 0-1

[Event "Titled Tuesday intern op 13th Feb Late"]
[Site "Chess.com INT"]
[Date "2024.02.13"]
[Round "4"]
[White "Janaszak, Dawid"]
[Black "Korol, Dimitry"]
[Result "1-0"]
[WhiteElo "2308"]
[BlackElo "2287"]
[PlyCount "39"]
[EventDate "2024.02.13"]
[EventType "swiss (blitz)"]
[EventRounds "11"]
[EventCountry "USA"]
[SourceTitle "CB08_2024"]
[SourceDate "2024.02.21"]
[SourceVersion "1"]
[SourceVersionDate "2024.02.21"]
[SourceQuality "1"]

1. e4 c5 2. Nc3 g6 3. Bc4 Bg7 4. h4 h5 5. Qf3 e6 6. d4 Ne7 7. d5 0-0 8. Bg5 f6 9. Be3 Qa5 10. 0-0-0 Kh7 11. g4 hxg4 12. Qxg4 exd5 13. h5 dxc4 14. hxg6+ Kg8 15. Qh5 Re8 16. Qh7+ Kf8 17. Bh6 Nf5 18. exf5 Ke7 19. Qxg7+ Kd8 20. Qxf6+ 1-0

[Event "Titled Tuesday intern op 13th Feb Early"]
[Site "Chess.com INT"]
[Date "2024.02.13"]
[Round "11"]
[White "Korol, Dimitry"]
[Black "Martinez Pla, Xavier"]
[Result "0-1"]
[WhiteElo "2287"]
[BlackElo "2247"]
[PlyCount "68"]
[EventDate "2024.02.13"]
[EventType "swiss (blitz)"]
[EventRounds "11"]
[EventCountry "USA"]
[SourceTitle "CB08_2024"]
[SourceDate "2024.02.21"]
[SourceVersion "1"]
[SourceVersionDate "2024.02.21"]
[SourceQuality "1"]

1. d4 Nf6 2. c4 g6 3. Nc3 Bg7 4. e4 d6 5. Nf3 0-0 6. Be2 Bg4 7. Be3 Nc6 8. Rc1 Bxf3 9. Bxf3 e5 10. d5 Nd4 11. Bxd4 exd4 12. Nb5 Re8 13. 0-0 Nxe4 14. Nxd4 a5 15. Rc2 Nc5 16. Nb5 Rc8 17. b3 Qg5 18. Re1 Rxe1+ 19. Qxe1 Be5 20. g3 f5 21. Bg2 f4 22. Bh3 fxg3 23. Bxc8 gxf2+ 24. Kxf2 Nd3+ 25. Ke2 Nxe1 26. Kxe1 Qg1+ 27. Kd2 Qxh2+ 28. Kd3 Qg3+ 29. Kd2 Qf2+ 30. Kd3 Qf3+ 31. Kd2 Bf4+ 32. Ke1 Qh1+ 33. Ke2 Qg2+ 34. Kd3 Qf3+ 0-1

[Event "Titled Tuesday intern op 13th Feb Early"]
[Site "Chess.com INT"]
[Date "2024.02.13"]
[Round "9"]
[White "Manukian, Artak"]
[Black "Korol, Dimitry"]
[Result "0-1"]
[WhiteElo "2196"]
[BlackElo "2287"]
[PlyCount "74"]
[EventDate "2024.02.13"]
[EventType "swiss (blitz)"]
[EventRounds "11"]
[EventCountry "USA"]
[SourceTitle "CB08_2024"]
[SourceDate "2024.02.21"]
[SourceVersion "1"]
[SourceVersionDate "2024.02.21"]
[SourceQuality "1"]

1. e4 c5 2. Nf3 d6 3. Bb5+ Nd7 4. 0-0 Ngf6 5. Re1 a6 6. Bf1 e5 7. c4 Be7 8. d3 0-0 9. Nc3 Nb8 10. a4 Nc6 11. Bg5 h6 12. Bh4 Bg4 13. Bg3 Nh5 14. Be2 Nxg3 15. Nd5 Nxe2+ 16. Rxe2 Bxf3 17. gxf3 Nd4 18. Re3 Bg5 19. f4 Bxf4 20. Nxf4 exf4 21. Rh3 f5 22. Kh1 fxe4 23. dxe4 Qe7 24. f3 Qe6 25. Rh4 Qxc4 26. Rg4 Qe2 27. Qxe2 Nxe2 28. Kg2 Rf6 29. h4 Nd4 30. Kf2 Kf7 31. Rag1 g6 32. Rc1 b5 33. a5 b4 34. Rd1 Rb8 35. Ke1 Rb5 36. Kd2 Nxf3+ 37. Kd3 Ne5+ 0-1